| 000 | 00343nam a2200133Ia 4500 | ||
|---|---|---|---|
| 008 | 240624s9999 xx 000 0 und d | ||
| 041 | _aeng | ||
| 082 | _a658.8 KRI | ||
| 100 | _aKRISHNAMACHARYULU C S G | ||
| 245 | _aRURAL MARKETING TEXT AND CASES | ||
| 260 |
_c2009 _aNew Delhi _bPearson |
||
| 300 | _axvii, : 397p. ; 23cm. | ||
| 365 |
_cRS _b30 |
||
| 999 |
_c13856 _d13856 |
||